| 000 | 00383nam a22001577a 4500 | ||
|---|---|---|---|
| 020 | _a9789693521447 | ||
| 082 |
_a954.9143 _bSHE |
||
| 100 | _aSheikh, Majid | ||
| 245 |
_aLahore: tales without end/ _cMajid Sheikh, |
||
| 260 |
_aLahore: _bSang-e-meel publications; _c2015. |
||
| 300 | _a451p. | ||
| 563 | _aHB | ||
| 650 | _aHistory | ||
| 650 | _aLahore | ||
| 942 |
_2ddc _cBK |
||
| 999 |
_c606770 _d606770 |
||